[Event "2. Open Patrimonio de la Humanidad"]
[Site "Alcalá de Henares ESP"]
[Date "2007.10.13"]
[Round "8.34"]
[White "Sanchez Rodriguez, Jaime"]
[Black "Wehmeier, Manuel"]
[Result "1-0"]
[WhiteElo "1933"]
[BlackElo "2013"]
[PlyCount "159"]
[EventDate "2007.10.07"]
[EventType "swiss"]
[EventRounds "9"]
[EventCountry "ESP"]
[Source "lmi"]
[SourceDate "2007.10.07"]

1. d4 d5 2. e3 Bf5 3. Bd3 Bxd3 4. Qxd3 Nf6 5. Qf5 Nfd7 6. Qxd5 c6 7. Qb3 Qc7 8.
Nf3 g6 9. Nc3 Bg7 10. O-O O-O 11. Bd2 Na6 12. Ne2 Rad8 13. c4 e5 14. Bc3 e4 15.
Nd2 Rde8 16. Ng3 f5 17. c5+ Kh8 18. Qc2 Nf6 19. Rae1 h5 20. f4 Nd5 21. a3 Bf6
22. Nc4 Bh4 23. Ne5 Rg8 24. Re2 Bxg3 25. hxg3 Qe7 26. Kf2 Nac7 27. Rh1 Kg7 28.
Ree1 Nf6 29. Qb3 Ncd5 30. Rh2 Qc7 31. Rh4 Qc8 32. Bd2 Re7 33. Qa4 a6 34. b4 Qe6
35. Qc2 Nc7 36. a4 Rd8 37. Reh1 Rd5 38. Rb1 Rd8 39. Qc4 Rd5 40. Qe2 Rxe5 41.
dxe5 Ng4+ 42. Ke1 Qa2 43. Qd1 Rd7 44. Ke2 Qc4+ 45. Ke1 Nxe3 46. Qe2 Qa2 47. Rc1
Nc2+ 48. Rxc2 Qxc2 49. e6 Nxe6 50. Rh1 Nd4 51. Qd1 Qd3 52. Kf2 Nb3 53. Bc3+ Nd4
54. Qxd3 exd3 55. Rd1 Kf7 56. Rxd3 Ke6 57. Rxd4 Rxd4 58. Bxd4 Kd5 59. Bc3 Kc4
60. Be1 a5 61. bxa5 Kxc5 62. Ke3 Kc4 63. Bd2 c5 64. Be1 Kd5 65. Kd3 c4+ 66. Kc3
Ke4 67. Kxc4 Ke3 68. Kb5 Ke2 69. Kb6 Kxe1 70. Kxb7 Kf2 71. a6 Kxg2 72. a7 Kxg3
73. a8=Q Kxf4 74. Qb8+ Kg4 75. Qd6 g5 76. a5 f4 77. a6 f3 78. Qh2 h4 79. a7 h3
80. a8=Q 1-0

[Event "2. Open Patrimonio de la Humanidad"]
[Site "Alcalá de Henares ESP"]
[Date "2007.10.13"]
[Round "8.36"]
[White "Toranzo Fernandez, Dionisio"]
[Black "Manzanares Campillo, Andres"]
[Result "1-0"]
[WhiteElo "2009"]
[BlackElo "1926"]
[PlyCount "117"]
[EventDate "2007.10.07"]
[EventType "swiss"]
[EventRounds "9"]
[EventCountry "ESP"]
[Source "lmi"]
[SourceDate "2007.10.07"]

1. Nf3 Nf6 2. c4 e6 3. g3 b6 4. Bg2 Bb7 5. O-O Be7 6. Nc3 O-O 7. d4 d6 8. d5 e5
9. e4 a5 10. Qc2 Nbd7 11. a3 Nc5 12. b3 a4 13. b4 Nb3 14. Rb1 Nxc1 15. Rfxc1
Qd7 16. b5 Ra7 17. Rb4 Rfa8 18. Ne1 Qg4 19. Ra1 Nd7 20. Rxa4 Nc5 21. Rxa7 Rxa7
22. Nd3 Nd7 23. Nb4 Nc5 24. a4 Qc8 25. Nd3 Nd7 26. Bh3 Qe8 27. Ra3 g6 28. Qa2
Bg5 29. Kg2 Ra5 30. Qc2 Kg7 31. Qe2 h5 32. Ra1 Bf6 33. Nb1 Nf8 34. Nd2 Qa8 35.
Nb2 Nh7 36. Nb3 Ra7 37. Kg1 Ng5 38. Bg2 Bc8 39. h4 Nh7 40. Qe1 g5 41. hxg5 Nxg5
42. f3 Bh3 43. Kh2 Bxg2 44. Kxg2 Qc8 45. Qh1 Kg6 46. a5 bxa5 47. Nxa5 Ra8 48.
Nb3 Rb8 49. Nd3 Qd7 50. Nf2 Bg7 51. Nh3 f6 52. Nxg5 fxg5 53. Ra7 Qf7 54. Qd1
Bf6 55. Nd2 Qd7 56. Nf1 g4 57. fxg4 hxg4 58. Ne3 Kg5 59. Nf5 1-0

[Event "2. Open Patrimonio de la Humanidad"]
[Site "Alcalá de Henares ESP"]
[Date "2007.10.13"]
[Round "8.37"]
[White "Garcia Roman, Jose Luis Machado"]
[Black "Moreno Sanchez, Alberto"]
[Result "1-0"]
[WhiteElo "1991"]
[BlackElo "1880"]
[PlyCount "127"]
[EventDate "2007.10.07"]
[EventType "swiss"]
[EventRounds "9"]
[EventCountry "ESP"]
[Source "lmi"]
[SourceDate "2007.10.07"]

1. d4 Nf6 2. c4 e5 3. dxe5 Ng4 4. Bf4 Nc6 5. Nf3 Bb4+ 6. Nc3 Qe7 7. Qd5 Bxc3+
8. bxc3 Qa3 9. Qd2 Qc5 10. e3 Ngxe5 11. Nxe5 Nxe5 12. Qd4 Qxd4 13. cxd4 Nc6 14.
Bxc7 d5 15. Rb1 dxc4 16. Bxc4 b6 17. Bb5 Bd7 18. O-O Ne7 19. e4 Rc8 20. Be5 f6
21. Bf4 Bxb5 22. Rxb5 Rc4 23. Be3 Nc6 24. d5 Nb4 25. Rc1 Nc2 26. Bd2 Kd7 27. f3
Rhc8 28. Kf2 Kc7 29. Rb2 Kd7 30. Ke2 f5 31. Kd1 Nd4 32. Rxc4 Rxc4 33. Rb4 b5
34. Rxc4 bxc4 35. Bc3 Nb5 36. Bxg7 fxe4 37. fxe4 Nd6 38. Bd4 Nxe4 39. Bxa7 Nc3+
40. Kc2 Nxd5 41. a3 Kc6 42. g4 Nf6 43. g5 Ne4 44. Be3 Nd6 45. a4 Nf5 46. Bf2
Ng7 47. h4 Ne6 48. Be3 Kd5 49. Kc3 Ng7 50. Bf2 Ne6 51. a5 Nc7 52. h5 Nb5+ 53.
Kb4 Nd6 54. a6 Kc6 55. Bd4 Nf7 56. g6 hxg6 57. hxg6 Nh6 58. g7 Ng8 59. Kxc4 Ne7
60. Bc5 Ng8 61. a7 Kb7 62. Kd5 Nh6 63. Ke6 Ng8 64. Be3 1-0

[Event "2. Open Patrimonio de la Humanidad"]
[Site "Alcalá de Henares ESP"]
[Date "2007.10.13"]
[Round "8.38"]
[White "Suarez Prieto, Leopoldo"]
[Black "Maseda Iglesias, Luis"]
[Result "0-1"]
[WhiteElo "1872"]
[BlackElo "1976"]
[PlyCount "80"]
[EventDate "2007.10.07"]
[EventType "swiss"]
[EventRounds "9"]
[EventCountry "ESP"]
[Source "lmi"]
[SourceDate "2007.10.07"]

1. e4 e6 2. d4 d5 3. e5 c5 4. Nf3 Qb6 5. b3 Nc6 6. Be3 Nh6 7. Bd3 cxd4 8. Bxd4
Nxd4 9. Nxd4 Bd7 10. c3 Rc8 11. O-O g6 12. Kh1 Bg7 13. f4 Nf5 14. Bxf5 exf5 15.
Qf3 Be6 16. Nd2 O-O 17. Rac1 Rc7 18. Ne2 Rfc8 19. Qf2 Qc5 20. a4 Bf8 21. Nf3
Qe7 22. Qg3 Qa3 23. Nfd4 Bd7 24. h4 h5 25. e6 Be8 26. Nxf5 fxe6 27. Nfd4 Qe7
28. Nb5 Bxb5 29. Qxg6+ Bg7 30. axb5 Qxh4+ 31. Kg1 Qg4 32. Qd3 Bf6 33. f5 Rg7
34. Rf2 Bh4 35. g3 Bxg3 36. Qxg3 Qh4 37. Qxg7+ Kxg7 38. fxe6 Kh8 39. Nd4 Qg5+
40. Kh2 Qxc1 0-1

[Event "2. Open Patrimonio de la Humanidad"]
[Site "Alcalá de Henares ESP"]
[Date "2007.10.13"]
[Round "8.40"]
[White "Rodriguez Lopez, Ruben"]
[Black "Collado Barbas, Alberto"]
[Result "0-1"]
[WhiteElo "2012"]
[BlackElo "1886"]
[PlyCount "66"]
[EventDate "2007.10.07"]
[EventType "swiss"]
[EventRounds "9"]
[EventCountry "ESP"]
[Source "lmi"]
[SourceDate "2007.10.07"]

1. e4 e6 2. d4 d5 3. Nd2 Nc6 4. c3 e5 5. exd5 Qxd5 6. Ngf3 exd4 7. Bc4 Qh5 8.
cxd4 Nf6 9. O-O Bd6 10. Re1+ Kf8 11. Nf1 Bg4 12. Be2 Re8 13. h3 Rxe2 14. Rxe2
Bxf3 15. gxf3 Qxh3 16. f4 h5 17. Re3 Qh4 18. Rg3 Ne4 19. d5 Nxg3 20. fxg3 Qh3
21. dxc6 bxc6 22. Be3 f5 23. Qf3 h4 24. Qg2 Qg4 25. Nh2 Qh5 26. g4 Qe8 27. Re1
h3 28. Qc2 fxg4 29. Qf5+ Kg8 30. Nxg4 g6 31. Qd3 Qe6 32. Qe2 Qd5 33. Bf2 Qg2#
0-1

[Event "2. Open Patrimonio de la Humanidad"]
[Site "Alcalá de Henares ESP"]
[Date "2007.10.13"]
[Round "8.41"]
[White "Rodriguez Bachiller, Luis"]
[Black "Perez Cameselle, Francisco"]
[Result "0-1"]
[WhiteElo "1871"]
[BlackElo "1997"]
[PlyCount "28"]
[EventDate "2007.10.07"]
[EventType "swiss"]
[EventRounds "9"]
[EventCountry "ESP"]
[Source "lmi"]
[SourceDate "2007.10.07"]

1. e4 c5 2. Nf3 Nc6 3. d4 cxd4 4. Nxd4 g6 5. c4 Bg7 6. Be3 Nf6 7. Nc3 Ng4 8.
Qxg4 Nxd4 9. Qd1 Ne6 10. Rc1 d6 11. b4 O-O 12. Be2 f5 13. exf5 gxf5 14. Qd2 f4
0-1

[Event "2. Open Patrimonio de la Humanidad"]
[Site "Alcalá de Henares ESP"]
[Date "2007.10.13"]
[Round "8.42"]
[White "Avendaño Mateos, Jose"]
[Black "Cerrato Torrijos, Maria"]
[Result "1-0"]
[WhiteElo "1982"]
[BlackElo "1829"]
[PlyCount "83"]
[EventDate "2007.10.07"]
[EventType "swiss"]
[EventRounds "9"]
[EventCountry "ESP"]
[Source "lmi"]
[SourceDate "2007.10.07"]

1. d4 Nf6 2. c4 e6 3. Nc3 Bb4 4. Nf3 Ne4 5. Qc2 f5 6. a3 Bxc3+ 7. bxc3 b6 8. g3
Ba6 9. e3 Bb7 10. Bg2 O-O 11. O-O Nc6 12. Nd2 Nf6 13. Re1 Na5 14. Bxb7 Nxb7 15.
Nb3 Rc8 16. a4 c5 17. Ba3 d6 18. Red1 Qc7 19. d5 Ne4 20. Kg2 Qf7 21. a5 exd5
22. Rxd5 g6 23. axb6 axb6 24. Nd2 Nf6 25. Rd3 Nd7 26. Rd5 Ne5 27. f3 Nxc4 28.
Nxc4 Qxd5 29. Nxb6 Qc6 30. Nxc8 Rxc8 31. c4 Nd8 32. Bb2 Nf7 33. Qc3 Ne5 34. Rf1
g5 35. Kg1 Rc7 36. f4 gxf4 37. exf4 Ng6 38. Re1 Qd7 39. Qf6 Rb7 40. Ra1 Rb8 41.
Ra6 Qb7 42. Rb6 1-0

[Event "2. Open Patrimonio de la Humanidad"]
[Site "Alcalá de Henares ESP"]
[Date "2007.10.13"]
[Round "8.43"]
[White "Sanchez Millan, Eduardo"]
[Black "Rasskin Friederichs, Ivan"]
[Result "0-1"]
[WhiteElo "1976"]
[BlackElo "1781"]
[PlyCount "74"]
[EventDate "2007.10.07"]
[EventType "swiss"]
[EventRounds "9"]
[EventCountry "ESP"]
[Source "lmi"]
[SourceDate "2007.10.07"]

1. d4 Nf6 2. c4 g6 3. Nc3 Bg7 4. e4 O-O 5. e5 Ne8 6. f4 d6 7. Nf3 dxe5 8. fxe5
c5 9. d5 Bg4 10. Bf4 Nd7 11. Qb3 Bxf3 12. gxf3 Bxe5 13. Bd2 Nd6 14. h4 Bg3+ 15.
Kd1 h5 16. f4 Nf5 17. Ne4 Bxh4 18. Bh3 e6 19. Bxf5 exf5 20. Ng5 Bxg5 21. fxg5
Ne5 22. Bf4 Ng4 23. Kc2 Qb6 24. Qf3 Rfe8 25. b3 Re4 26. Rhd1 Rae8 27. Rd2 Ne3+
28. Bxe3 Rxe3 29. Qf4 Qb4 30. Rad1 Qc3+ 31. Kb1 Re2 32. d6 Rxd2 33. Qxd2 Qxd2
34. Rxd2 Rd8 35. Rd5 b6 36. Kc2 Kg7 37. Kd3 f6 0-1

[Event "2. Open Patrimonio de la Humanidad"]
[Site "Alcalá de Henares ESP"]
[Date "2007.10.13"]
[Round "8.44"]
[White "Garcia Carbonell, Francisco"]
[Black "Bouthier, Jacques"]
[Result "0-1"]
[WhiteElo "1781"]
[BlackElo "1959"]
[PlyCount "60"]
[EventDate "2007.10.07"]
[EventType "swiss"]
[EventRounds "9"]
[EventCountry "ESP"]
[Source "lmi"]
[SourceDate "2007.10.07"]

1. e4 c5 2. Nf3 Nc6 3. d4 cxd4 4. Nxd4 Nf6 5. Nc3 e5 6. Nb3 Bb4 7. Be3 O-O 8.
Bd3 d5 9. exd5 Nxd5 10. Qh5 g6 11. Qh6 Nxc3 12. a3 Be7 13. bxc3 Bf6 14. h4 Bg7
15. Qg5 Qxg5 16. hxg5 e4 17. Bxe4 Bxc3+ 18. Ke2 Bxa1 19. Rxa1 Re8 20. Nc5 Na5
21. Kf3 Nc4 22. Bf4 Ne5+ 23. Ke2 Nd7 24. Nxd7 Rxe4+ 25. Kf3 Rxf4+ 26. Kxf4 Bxd7
27. Re1 Be6 28. Ke5 Rc8 29. Re2 Rc5+ 30. Kd6 Rxg5 0-1

[Event "2. Open Patrimonio de la Humanidad"]
[Site "Alcalá de Henares ESP"]
[Date "2007.10.13"]
[Round "8.45"]
[White "Rodriguez Yague, Fermin"]
[Black "Carrasco Martinez, Ivan"]
[Result "1/2-1/2"]
[WhiteElo "1778"]
[BlackElo "1939"]
[PlyCount "97"]
[EventDate "2007.10.07"]
[EventType "swiss"]
[EventRounds "9"]
[EventCountry "ESP"]
[Source "lmi"]
[SourceDate "2007.10.07"]

1. e4 e5 2. Nf3 Nc6 3. d4 exd4 4. Nxd4 Qh4 5. Nb5 Bb4+ 6. c3 Ba5 7. Bd3 Nf6 8.
O-O O-O 9. h3 Nxe4 10. Qf3 Nc5 11. Bc2 Bb6 12. Be3 Ne6 13. Bb3 Ne5 14. Qd5 Bxe3
15. Qxe5 Bb6 16. Nd2 d6 17. Qh2 a6 18. Nf3 Qf6 19. Na3 Qf4 20. Nc2 Qxh2+ 21.
Kxh2 Nc5 22. Bc4 Be6 23. Ne3 Bxc4 24. Nxc4 Ba7 25. Ncd2 Nd3 26. Kg3 Rfe8 27.
Ne1 Re2 28. Nxd3 Rxd2 29. Rad1 Rxd1 30. Rxd1 Re8 31. Kf3 c6 32. g3 g6 33. a3
Kg7 34. h4 d5 35. Nf4 f5 36. c4 d4 37. b4 c5 38. Rb1 b5 39. bxc5 Bxc5 40. cxb5
axb5 41. Rxb5 Bxa3 42. Rd5 Re4 43. Rxd4 Rxd4 44. Ne6+ Kf6 45. Nxd4 Bb2 46. Nc2
h6 47. g4 fxg4+ 48. Kxg4 Ke5 49. f4+ 1/2-1/2

[Event "2. Open Patrimonio de la Humanidad"]
[Site "Alcalá de Henares ESP"]
[Date "2007.10.13"]
[Round "8.46"]
[White "Sanz Esteban, Eduardo"]
[Black "Sierra Soria, Elena"]
[Result "1-0"]
[WhiteElo "1939"]
[BlackElo "1743"]
[PlyCount "81"]
[EventDate "2007.10.07"]
[EventType "swiss"]
[EventRounds "9"]
[EventCountry "ESP"]
[Source "lmi"]
[SourceDate "2007.10.07"]

1. e4 c5 2. Nc3 e6 3. g3 d5 4. exd5 exd5 5. Bg2 Nf6 6. d3 d4 7. Ne4 Nxe4 8.
Bxe4 Nd7 9. Ne2 Nf6 10. Bg2 Be7 11. O-O O-O 12. h3 Nd5 13. Nf4 Nxf4 14. Bxf4
Bd6 15. Bxd6 Qxd6 16. Qd2 Qc7 17. Rfe1 Be6 18. f4 Qd7 19. Kh2 Bd5 20. Bxd5 Qxd5
21. Re5 Qc6 22. Rae1 Rfe8 23. Qg2 Qxg2+ 24. Kxg2 Kf8 25. Kf3 b6 26. a3 a5 27.
Rxe8+ Rxe8 28. Rxe8+ Kxe8 29. Ke4 Kd8 30. b4 cxb4 31. axb4 a4 32. Kxd4 Kd7 33.
b5 Kd6 34. Kc4 a3 35. Kb3 Kc5 36. c4 a2 37. Kxa2 Kb4 38. Kb2 h6 39. Kc2 f5 40.
g4 fxg4 41. hxg4 1-0

[Event "2. Open Patrimonio de la Humanidad"]
[Site "Alcalá de Henares ESP"]
[Date "2007.10.13"]
[Round "8.47"]
[White "Montero Garcia, Francisco Javier"]
[Black "Sierra Soria, Maria"]
[Result "1/2-1/2"]
[WhiteElo "1935"]
[BlackElo "1660"]
[PlyCount "63"]
[EventDate "2007.10.07"]
[EventType "swiss"]
[EventRounds "9"]
[EventCountry "ESP"]
[Source "lmi"]
[SourceDate "2007.10.07"]

1. e4 c5 2. Nf3 d6 3. d4 cxd4 4. Nxd4 Nf6 5. Nc3 a6 6. Bg5 Nbd7 7. f4 Qc7 8.
Qf3 e6 9. O-O-O Be7 10. Kb1 O-O 11. g4 Rb8 12. Bxf6 Nxf6 13. g5 Nd7 14. Rg1 Nc5
15. f5 exf5 16. exf5 g6 17. f6 Bd8 18. Qg3 Ne6 19. Qh4 Kh8 20. Qh6 Rg8 21. Rg4
Nf8 22. Rh4 Qc5 23. Rd3 Bb6 24. Bh3 Qe5 25. Bxc8 Bxd4 26. a3 Be3 27. Ne4 Rxc8
28. Rxe3 Qf5 29. Reh3 Qf1+ 30. Ka2 Qc4+ 31. Ka1 Qf1+ 32. Ka2 1/2-1/2

[Event "2. Open Patrimonio de la Humanidad"]
[Site "Alcalá de Henares ESP"]
[Date "2007.10.13"]
[Round "8.49"]
[White "Sanchez Rodajo, Pedro L"]
[Black "Piñeiro Lozano, Luis"]
[Result "0-1"]
[WhiteElo "1717"]
[BlackElo "1924"]
[PlyCount "98"]
[EventDate "2007.10.07"]
[EventType "swiss"]
[EventRounds "9"]
[EventCountry "ESP"]
[Source "lmi"]
[SourceDate "2007.10.07"]

1. Nf3 d5 2. d4 Nf6 3. e3 e6 4. c4 Be7 5. a3 O-O 6. c5 a5 7. Nc3 b6 8. Na4 bxc5
9. Nxc5 Bxc5 10. dxc5 Ba6 11. Bxa6 Nxa6 12. Qd4 Qe7 13. c6 Nb8 14. Ne5 Qd6 15.
O-O Nxc6 16. Nxc6 Qxc6 17. Bd2 Ne4 18. Rfc1 Qd6 19. Bc3 Nxc3 20. Rxc3 e5 21.
Qa4 c5 22. Rd1 Rfc8 23. g3 d4 24. Qc2 Qg6 25. Rcd3 c4 26. R3d2 Qxc2 27. Rxc2 d3
28. Rc3 a4 29. Kf1 Rab8 30. e4 Kf8 31. Rd2 Ke7 32. f3 Rb3 33. Ke1 Rxc3 34. bxc3
Rb8 35. Ra2 Kd6 36. Kd2 Rb3 37. h3 Ke6 38. f4 g6 39. Ra1 f5 40. exf5+ gxf5 41.
fxe5 Rb2+ 42. Kc1 Rh2 43. Rb1 Rh1+ 44. Kb2 Rxb1+ 45. Kxb1 Kxe5 46. Kc1 Ke4 47.
Kd2 Kf3 48. g4 fxg4 49. hxg4 Kxg4 0-1

[Event "2. Open Patrimonio de la Humanidad"]
[Site "Alcalá de Henares ESP"]
[Date "2007.10.14"]
[Round "9.9"]
[White "Abreu Delgado, Aryam"]
[Black "Rivas Vila, David"]
[Result "1-0"]
[WhiteElo "2479"]
[BlackElo "2241"]
[PlyCount "45"]
[EventDate "2007.10.07"]
[EventType "swiss"]
[EventRounds "9"]
[EventCountry "ESP"]
[Source "lmi"]
[SourceDate "2007.10.07"]

1. e4 c5 2. Nf3 Nc6 3. d4 cxd4 4. Nxd4 g6 5. Nc3 Bg7 6. Be3 Nf6 7. Bc4 Qa5 8.
O-O O-O 9. Nb3 Qc7 10. Re1 d6 11. Be2 b6 12. Nd5 Nxd5 13. exd5 Na5 14. Nd4 Bb7
15. Nb5 Qc8 16. Bd4 Bxd4 17. Qxd4 a6 18. Nc3 Qc5 19. Qh4 b5 20. Rad1 f6 21.
Bxb5 axb5 22. Rxe7 h5 23. Qe4 1-0

[Event "2. Open Patrimonio de la Humanidad"]
[Site "Alcalá de Henares ESP"]
[Date "2007.10.14"]
[Round "9.12"]
[White "Vazquez Igarza, Renier"]
[Black "De La Fuente Gonzalez, Francisco"]
[Result "1-0"]
[WhiteElo "2553"]
[BlackElo "2233"]
[PlyCount "81"]
[EventDate "2007.10.07"]
[EventType "swiss"]
[EventRounds "9"]
[EventCountry "ESP"]
[Source "lmi"]
[SourceDate "2007.10.07"]

1. Nf3 Nf6 2. d4 d5 3. c4 c6 4. Nc3 dxc4 5. a4 Bf5 6. Nh4 Bc8 7. e3 e5 8. Bxc4
exd4 9. exd4 Bd6 10. Nf3 O-O 11. O-O Bg4 12. h3 Bh5 13. g4 Bg6 14. Ne5 c5 15.
Nxg6 hxg6 16. dxc5 Bxc5 17. g5 Qc7 18. Qf3 Nh5 19. Nd5 Qg3+ 20. Qxg3 Nxg3 21.
Rd1 Ne4 22. Nc7 Nxf2 23. Rd5 Ne4+ 24. Kg2 Nc6 25. Nxa8 Rxa8 26. Bf4 Re8 27. Re1
Bb4 28. Re2 Re7 29. Kf3 Nc5 30. Rxe7 Nxe7 31. Rd8+ Kh7 32. b3 Nc6 33. Rd1 Kg8
34. h4 Bc3 35. Ke3 Ne6 36. Bxe6 fxe6 37. Ke4 e5 38. Be3 Nd4 39. Rc1 Bb2 40.
Rc8+ Kh7 41. Bxd4 1-0

[Event "2. Open Patrimonio de la Humanidad"]
[Site "Alcalá de Henares ESP"]
[Date "2007.10.14"]
[Round "9.13"]
[White "Ruano Marco, Javier"]
[Black "Perez Mitjan, Orelvis"]
[Result "0-1"]
[WhiteElo "2177"]
[BlackElo "2421"]
[PlyCount "60"]
[EventDate "2007.10.07"]
[EventType "swiss"]
[EventRounds "9"]
[EventCountry "ESP"]
[Source "lmi"]
[SourceDate "2007.10.07"]

1. e4 c5 2. d3 Nc6 3. g3 g6 4. Bg2 Bg7 5. c3 d6 6. f4 e6 7. Nf3 Nge7 8. O-O d5
9. e5 O-O 10. Nbd2 b5 11. Rf2 Rb8 12. d4 cxd4 13. cxd4 Qb6 14. Nf1 f6 15. g4
fxe5 16. fxe5 Bd7 17. Be3 a5 18. Qd2 a4 19. Rb1 Rbc8 20. Bg5 Rf7 21. Ng3 b4 22.
h4 b3 23. a3 h6 24. Be3 Na5 25. Bxh6 Rc2 26. Qg5 Bxh6 27. Qxh6 Rxf2 28. Kxf2
Qxd4+ 29. Ke1 Qxg4 30. Kf2 Qxg3+ 0-1

[Event "2. Open Patrimonio de la Humanidad"]
[Site "Alcalá de Henares ESP"]
[Date "2007.10.14"]
[Round "9.14"]
[White "Gago Padreny, Ignacio"]
[Black "Pogorelov, Ruslan"]
[Result "0-1"]
[WhiteElo "2157"]
[BlackElo "2411"]
[PlyCount "68"]
[EventDate "2007.10.07"]
[EventType "swiss"]
[EventRounds "9"]
[EventCountry "ESP"]
[Source "lmi"]
[SourceDate "2007.10.07"]

1. d4 Nf6 2. c4 e6 3. Nc3 Bb4 4. e3 O-O 5. Bd3 c5 6. Nf3 d5 7. O-O dxc4 8. Bxc4
Nbd7 9. a3 cxd4 10. axb4 dxc3 11. bxc3 Qc7 12. Be2 b6 13. c4 Bb7 14. Bb2 Rfd8
15. Qb3 a5 16. bxa5 bxa5 17. Bd4 Rdb8 18. Qa3 Ne4 19. Rad1 e5 20. Ba1 Nec5 21.
Rd2 f6 22. Nh4 Be4 23. Bg4 Nf8 24. Bd1 a4 25. f3 Nb3 26. Bxb3 axb3 27. Qc1 Bc2
28. Rxc2 bxc2 29. Qxc2 Qc5 30. Nf5 g6 31. Ng3 Qxe3+ 32. Kh1 Qb3 33. Qe4 Rd8 34.
h4 Rac8 0-1

[Event "2. Open Patrimonio de la Humanidad"]
[Site "Alcalá de Henares ESP"]
[Date "2007.10.14"]
[Round "9.15"]
[White "Caravaca Aguirre, Antonio"]
[Black "Serafimov, Tervel"]
[Result "1-0"]
[WhiteElo "2102"]
[BlackElo "2379"]
[PlyCount "87"]
[EventDate "2007.10.07"]
[EventType "swiss"]
[EventRounds "9"]
[EventCountry "ESP"]
[Source "lmi"]
[SourceDate "2007.10.07"]

1. Nf3 g6 2. g3 Bg7 3. c4 e5 4. d3 f5 5. Bg5 Ne7 6. Nc3 c6 7. e4 h6 8. Bxe7
Qxe7 9. Nh4 Qf7 10. exf5 gxf5 11. Be2 O-O 12. Bh5 Qe6 13. O-O d6 14. f4 Nd7 15.
Bg6 Rf6 16. Bh5 exf4 17. Re1 Ne5 18. gxf4 Rf8 19. fxe5 dxe5 20. Qf3 Qd6 21.
Rad1 Bd7 22. Qg2 Qd4+ 23. Qf2 Qd6 24. Nf3 b5 25. c5 Qe7 26. Nxe5 Bxe5 27. Qg3+
Bxg3 28. Rxe7 Be8 29. Rxe8 Raxe8 30. Bxe8 b4 31. Bxc6 Bh4 32. Nb5 Kg7 33. d4
Bg5 34. Kf2 a6 35. Nc7 Bh4+ 36. Kf3 Rc8 37. Ne6+ Kf6 38. d5 Ke5 39. Bd7 Rg8 40.
c6 Kd6 41. Nf4 Bf6 42. Re1 Bxb2 43. Re6+ Kc7 44. d6+ 1-0

[Event "2. Open Patrimonio de la Humanidad"]
[Site "Alcalá de Henares ESP"]
[Date "2007.10.14"]
[Round "9.16"]
[White "Serrano Salvador, Eduardo"]
[Black "Serafimov, Dimitar"]
[Result "0-1"]
[WhiteElo "2376"]
[BlackElo "2168"]
[PlyCount "74"]
[EventDate "2007.10.07"]
[EventType "swiss"]
[EventRounds "9"]
[EventCountry "ESP"]
[Source "lmi"]
[SourceDate "2007.10.07"]

1. d4 d5 2. c4 e6 3. Nf3 Be7 4. Nc3 Nf6 5. Bg5 O-O 6. e3 Nbd7 7. Qc2 b6 8. cxd5
exd5 9. Bd3 Bb7 10. O-O h6 11. Bf4 a6 12. Rac1 c5 13. Rfd1 Re8 14. a3 c4 15.
Bf5 b5 16. Ne5 Nf8 17. Qe2 Qb6 18. Qf3 Ne6 19. g4 Rad8 20. h4 Nxf4 21. Qxf4 Bd6
22. g5 hxg5 23. hxg5 Bxe5 24. dxe5 Nh5 25. Qh2 g6 26. Bg4 d4 27. exd4 Rxd4 28.
Rxd4 Qxd4 29. Bxh5 gxh5 30. Qxh5 Qxe5 31. Qg4 Qh8 32. f3 Qe5 33. Rd1 Qe3+ 34.
Kg2 Re5 35. Rd8+ Kg7 36. Kh3 Bxf3 37. Qd4 Qxg5 0-1

[Event "2. Open Patrimonio de la Humanidad"]
[Site "Alcalá de Henares ESP"]
[Date "2007.10.14"]
[Round "9.17"]
[White "Paniagua Tineo, Arturo"]
[Black "Madina Yadarola, Martin"]
[Result "1/2-1/2"]
[WhiteElo "2049"]
[BlackElo "2344"]
[PlyCount "81"]
[EventDate "2007.10.07"]
[EventType "swiss"]
[EventRounds "9"]
[EventCountry "ESP"]
[Source "lmi"]
[SourceDate "2007.10.07"]

1. d4 Nf6 2. c4 e6 3. Nf3 b6 4. g3 Ba6 5. b3 Bb4+ 6. Bd2 Be7 7. Bg2 Bb7 8. Bc3
Ne4 9. O-O Nxc3 10. Nxc3 O-O 11. d5 e5 12. Nd2 d6 13. e4 Nd7 14. b4 g6 15. f4
exf4 16. gxf4 Bf6 17. Qc2 a5 18. a3 Bd4+ 19. Kh1 axb4 20. axb4 Rxa1 21. Rxa1
Qf6 22. Rc1 Qxf4 23. Ne2 Qf6 24. Nxd4 Qxd4 25. Nf3 Qe3 26. Re1 Qa3 27. Qd2 Re8
28. Re3 Qa1+ 29. Re1 Qf6 30. h3 Ne5 31. Nxe5 Qxe5 32. Rf1 Qg7 33. Qf2 h6 34.
Qd2 Ra8 35. Rc1 c5 36. bxc5 bxc5 37. Rb1 Bc8 38. Qb2 Qxb2 39. Rxb2 Kf8 40. Kh2
Ke7 41. h4 1/2-1/2

[Event "2. Open Patrimonio de la Humanidad"]
[Site "Alcalá de Henares ESP"]
[Date "2007.10.14"]
[Round "9.18"]
[White "Baldwin Del Castillo, Ricardo"]
[Black "Rubio Mejia, Luis Ignacio"]
[Result "1/2-1/2"]
[WhiteElo "1965"]
[BlackElo "2327"]
[PlyCount "111"]
[EventDate "2007.10.07"]
[EventType "swiss"]
[EventRounds "9"]
[EventCountry "ESP"]
[Source "lmi"]
[SourceDate "2007.10.07"]

1. c4 e6 2. Nc3 d5 3. d4 f5 4. cxd5 exd5 5. Nf3 Nf6 6. Qb3 c6 7. Bg5 Be7 8. Rc1
h6 9. Bf4 O-O 10. h4 Nbd7 11. e3 Ne4 12. Bd3 Kh7 13. Qd1 Qe8 14. h5 Bf6 15. Ne2
Qe7 16. a3 Re8 17. Bg3 Nf8 18. Be5 Ng5 19. Bxf6 Nxf3+ 20. gxf3 Qxf6 21. Kd2 Kh8
22. f4 b6 23. Ng1 c5 24. Nf3 Ne6 25. Ne5 cxd4 26. Rg1 dxe3+ 27. fxe3 d4 28. Rg6
dxe3+ 29. Kc2 Qe7 30. Rxh6+ Kg8 31. Ng6 Qc5+ 32. Kb1 gxh6 33. Rxc5 Nxc5 34. Bb5
Bb7 35. Ne5 Be4+ 36. Ka2 Re7 37. Qg1+ Rg7 38. Bc4+ Kh7 39. Qxe3 Rd8 40. Ng6 Rd1
41. a4 Bb1+ 42. Ka3 Bd3 43. Qe8 Ra1+ 44. Ba2 Rxa2+ 45. Kxa2 Rg8 46. Nf8+ Kh8
47. Qe5+ Rg7 48. Ng6+ Kh7 49. Qb8 Bc4+ 50. Ka3 Bg8 51. Qc8 Ne6 52. Qc2 Rf7 53.
Ne5 Rf6 54. Qd2 Ng7 55. Nd7 Rc6 56. Nf8+ 1/2-1/2

[Event "2. Open Patrimonio de la Humanidad"]
[Site "Alcalá de Henares ESP"]
[Date "2007.10.14"]
[Round "9.20"]
[White "Sanchez Rojo, Gustavo"]
[Black "Valbuena Mota, Alejandro"]
[Result "1/2-1/2"]
[WhiteElo "2257"]
[BlackElo "2129"]
[PlyCount "104"]
[EventDate "2007.10.07"]
[EventType "swiss"]
[EventRounds "9"]
[EventCountry "ESP"]
[Source "lmi"]
[SourceDate "2007.10.07"]

1. e4 c6 2. d4 d5 3. Nc3 dxe4 4. Nxe4 Bf5 5. Ng3 Bg6 6. Bc4 e6 7. N1e2 Bd6 8.
O-O Nd7 9. c3 Qc7 10. Kh1 h5 11. h4 Qd8 12. Bg5 Be7 13. Nf4 Bxg5 14. Nxg6 Rh6
15. hxg5 Rxg6 16. Ne4 Qc7 17. Qxh5 Ndf6 18. Nxf6+ gxf6 19. f4 Ne7 20. Bxe6 fxg5
21. f5 Rxe6 22. Qh8+ Ng8 23. Qxg8+ Ke7 24. fxe6 Rxg8 25. Rxf7+ Kd6 26. Rxc7
Kxc7 27. Re1 Kd8 28. Kh2 Ke7 29. Kg3 Rf8 30. Re2 Rf5 31. Kg4 Ra5 32. a3 Rb5 33.
b4 Rd5 34. a4 a5 35. Re4 axb4 36. cxb4 b6 37. g3 Rd8 38. a5 bxa5 39. bxa5 Rd5
40. a6 Ra5 41. a7 Rxa7 42. Kxg5 Ra5+ 43. Kf4 Ra8 44. g4 Rg8 45. g5 Rf8+ 46. Ke3
Rf5 47. Re5 Rf1 48. Kd3 Rc1 49. g6 Rg1 50. Kc4 Rxg6 51. Kc5 Rg4 52. Rh5 Kxe6
1/2-1/2